| 000 | 00748nam a2200217 a 4500 | ||
|---|---|---|---|
| 003 | 0 | ||
| 005 | 20250307105221.0 | ||
| 008 | 090707s19uu xx 00 eng d | ||
| 050 |
_aPGS LB 1065.7 _b.An581 2009 |
||
| 100 | _aAng, Christian. | ||
| 245 |
_aSelf esteem and academic performance / _cChristian Ang. |
||
| 260 |
_aLas PiƱas City, Philippines : _bSouthville International School and Colleges, _c2009. |
||
| 300 |
_a25 pages : _billustrations ; _c28 cm. |
||
| 504 | _aIncludes bibliographical references. | ||
| 650 | _aSelf-esteem in children. | ||
| 650 | _aAcademic achievement. | ||
| 650 | _aSixth grade (Education). | ||
| 650 | _aSelf-perception in children. | ||
| 650 | _aMotivation in education. | ||
| 942 |
_2lcc _cPASS |
||
| 999 |
_c98154 _d98154 |
||